Review of medical physiology : a Lange medical book. (Record no. 2922)

000 -LEADER
fixed length control field 00651nam a22002297a 4500
003 - CONTROL NUMBER IDENTIFIER
control field OSt
005 - DATE AND TIME OF LATEST TRANSACTION
control field 20210727063405.0
008 - FIXED-LENGTH DATA ELEMENTS--GENERAL INFORMATION
fixed length control field 210727b ||||| |||| 00| 0 eng d
020 ## - INTERNATIONAL STANDARD BOOK NUMBER
International Standard Book Number 0838584292
020 ## - INTERNATIONAL STANDARD BOOK NUMBER
International Standard Book Number 9780838584293
040 ## - CATALOGING SOURCE
Transcribing agency ALUPE UNIVERSITY
050 ## - LIBRARY OF CONGRESS CALL NUMBER
Classification number QP34.5
Item number .G3 1989
100 ## - MAIN ENTRY--PERSONAL NAME
Personal name William F Ganong
245 ## - TITLE STATEMENT
Title Review of medical physiology : a Lange medical book.
250 ## - EDITION STATEMENT
Edition statement 4th ed.
260 ## - PUBLICATION, DISTRIBUTION, ETC.
Place of publication, distribution, etc. Norwalk, Conn. :
Name of publisher, distributor, etc. Appleton & Lange,
Date of publication, distribution, etc. 1989.
300 ## - PHYSICAL DESCRIPTION
Extent 673p.;
Other physical details ill.
Dimensions 23cm.
440 ## - SERIES STATEMENT/ADDED ENTRY--TITLE
Title A Lange medical book
504 ## - BIBLIOGRAPHY, ETC. NOTE
Bibliography, etc. note includes bibliographic details and index.
650 ## - SUBJECT ADDED ENTRY--TOPICAL TERM
Topical term or geographic name entry element physiology.
942 ## - ADDED ENTRY ELEMENTS (KOHA)
Source of classification or shelving scheme
Koha item type Book
Suppress in OPAC JO
Holdings
Withdrawn status Lost status Source of classification or shelving scheme Damaged status Not for loan Permanent Location Current Location Shelving location Date acquired Source of acquisition Total Checkouts Full call number Barcode Date last seen Price effective from Koha item type Public note
          AU LIBRARY AU LIBRARY Open Shelf 27.07.2021 DONATION FROM MOI UNIVERSITY   QP34.5 .G3 1989 28000739 27.07.2021 27.07.2021 Book JO

Powered by Koha